00621nam a2200205Ia 4500003000400000005001700004008004100021020001500062040001800077041000800095082002000103100001700123245009000140250001200230260004300242300002900285650003800314650003700352650002600389OSt20251213111014.0210716s2000 xx 000 0 und d a8176562114 cAIMIT LIBRARY aeng a006.3721bJERN aJerke, Noel. aVisual basic developers guide to e-commerce with asp and sql server /cBy Noel Jerke. a1st ed. aNew Delhi :bBPB Publications ,c2000. axxvii,721p. ;bPBc24 cm aDesigning an E- commerce solution aBuilding the shopping experience aManaging the solution